000 01003cam a2200337 a 4500
001 73717
005 20230410120845.0
008 960905s1996 fr b 001 0 fre
010 _a 96189876
035 _a(OCoLC)ocm35796619
040 _aDLC
_cDLC
_dFTV
_dMUQ
_dNLGGC
_dOCLCG
019 _a34793193
020 _a2724606884
020 _a9782724606881
029 1 _aNLGGC
_b151991928
035 _a(OCoLC)35796619
_z(OCoLC)34793193
043 _ae-gx---
050 1 4 _aHC286
_b.J75p 1996
082 0 4 _a658.42
_bJOL
084 _a71.12
_2bcl
050 1 4 _aJ
100 1 _aJoly, Hervé,
_d1966-
245 1 0 _aPatrons d'Allemagne :
_bsociologie d'une âelite industrielle, 1933-1989 /
_cHervé Joly.
260 _aParis :
_bPresses de la Fondation nationale des sciences politiques,
_cc1996.
300 _a364 p. ;
_c23 cm.
504 _aIncludes bibliographical references and index.
650 0 _aBusinessmen
_zGermany.
942 _2lcc
_cbk
946 _amfcruz
994 _aC0
_bDRFGD
999 _c53245
_d53245